Normal view MARC view

Entry Personal Name

Number of records used in: 1

001 - CONTROL NUMBER

  • control field: 7169

003 - CONTROL NUMBER IDENTIFIER

  • control field: OSt

005 - DATE AND TIME OF LATEST TRANSACTION

  • control field: 20160307183407.0

008 - FIXED-LENGTH DATA ELEMENTS

  • fixed length control field: 160307|| aca||aabn | a|a d

040 ## - CATALOGING SOURCE

  • Original cataloging agency: OSt
  • Transcribing agency: OSt

100 ## - HEADING--PERSONAL NAME

  • Personal name: Bridge,Simon;O'Neill;Crome,Stan;

670 ## - SOURCE DATA FOUND

  • Source citation: Work cat.: (OSt): Bridge,Simon;O'Neill;Crome,Stan;, Understanding Enterprise,Entrepreneurship &Small Business., 338.bri 1998